Albertus Magnus

Saved in:
Bibliografiske detaljer
Hovedforfatter: Craemer-Ruegenberg, Ingrid (Author)
Format: Bog
Sprog:tysk
Udgivet: Múnich Beck 1980
Serier:Beck sche Schwarze Reihe, 501
Fag:
Tags: Tilføj Tag
Ingen Tags, Vær først til at tagge denne postø!

MARC

LEADER 00000nam a2200000 a 4500
001 UCZ2665
003 CL-VaPUC
008 951005e19800000GW |||||||||||||||||ger|d
082 0 4 |a 189.4  |b CRA  |2 21 
100 0 |a Craemer-Ruegenberg, Ingrid  |e author  |9 346434 
245 1 0 |a Albertus Magnus 
300 |a 187 p 
942 |c BK 
945 |d 19951005 00:00:00  |a cmena 
260 |a Múnich  |b Beck  |c 1980 
600 0 7 |a SAN ALBERTO MAGNO  |2 CL-VaPUC  |9 335726 
650 0 |a Filosofía medieval  |9 256245 
650 0 |a Metafísica  |9 265649 
650 7 |a SER  |2 CL-VaPUC  |9 320176 
650 0 |a Biografías  |9 255210 
650 0 |a Teología   |9 258766 
650 7 |a INMORTALIDAD  |2 CL-VaPUC  |9 320467 
650 7 |a DOCTRINAS RELIGIOSAS  |2 CL-VaPUC  |9 337177 
583 |a last modification  |c 19951005 00:00:00  |k Rodrigo Vera 
490 0 |a Beck sche Schwarze Reihe, 501 
999 |c 239224  |d 239222 
952 |0 0  |1 0  |4 0  |6 189_400000000000000_CRA_1980  |7 0  |8 P  |9 250166  |a BIBEDU  |b BIBEDU  |c BIBEDU_PB  |d 2019-11-18  |i 1569813  |o 189.4 CRA 1980  |p 1569813  |r 2024-01-25  |w 2019-11-18  |y BK  |k FIL